Statistics for Countries by Oldest Company

Click here to take the quiz!

General Stats

  • This quiz has been taken 210 times
    (198 since last reset)
  • The average score is 9 of 14

Answer Stats

YearCompanyTypeCountry% Correct
1153Ma Yu Ching's Bucket Chicken HouseRestaurantChina
96%
886The Royal MintMintUnited Kingdom
94%
1670Hudson's Bay CompanyFurCanada
91%
900Sean's BarBarIreland
86%
1638Shirley PlantationTobaccoUnited States
85%
862Staffelter HofWineryGermany
81%
578Kongo GumiConstructionJapan
72%
1721Petrodvorets Watch FactoryWatchesRussia
67%
1074Affligem BreweryBreweryBelgium
58%
803St. Peter StiftskulinariumRestaurantAustria
52%
1703Mount Gay RumRum DistilleryBarbados
42%
1736Wadia GroupConglomerateIndia
33%
1885KT CorporationTelecomSouth Korea
33%
1912ALBtelecomTelecomAlbania
26%

Score Distribution

Percentile by Number Answered

Percent of People with Each Score

Your Score History

You have not taken this quiz since the last reset